Ultimate Rick Riordan Books Timeline - Statistics

General Stats
  • This quiz has been taken 100 times
    9 since last reset
  • The average score is 21 of 43
Answer Stats
Publication Date Part of... Book/Story % Correct
May 6, 2008 Percy Jackson & the Olympians The Battle of the Labyrinth
100%
October 7, 2014 The Heroes of Olympus The Blood of Olympus
100%
October 8, 2013 The Heroes of Olympus The House of Hades
100%
July 1, 2005 Percy Jackson & the Olympians The Lightning Thief
100%
April 1, 2006 Percy Jackson & the Olympians The Sea of Monsters
100%
May 5, 2009 Percy Jackson & the Olympians The Last Olympian
89%
October 12, 2010 The Heroes of Olympus The Lost Hero
89%
October 4, 2011 The Heroes of Olympus The Son of Neptune
89%
May 1, 2007 Percy Jackson & the Olympians The Titan's Curse
89%
October 2, 2012 The Heroes of Olympus The Mark of Athena
78%
October 4, 2016 Magnus Chase and the Gods of Asgard The Hammer of Thor
67%
May 4, 2010 The Kane Chronicles The Red Pyramid
67%
May 2, 2023 The Nico di Angelo Adventures The Sun and the Star
67%
October 6, 2020 The Trials of Apollo The Tower of Nero
67%
October 6, 2015 Magnus Chase and the Gods of Asgard The Sword of Summer
56%
May 1, 2018 The Trials of Apollo The Burning Maze
44%
September 26, 2023 Percy Jackson & the Olympians / The Senior Year Adventures The Chalice of the Gods
44%
September 23, 2025 The Nico di Angelo Adventures The Court of the Dead
44%
May 2, 2017 The Trials of Apollo The Dark Prophecy
44%
May 3, 2016 The Trials of Apollo The Hidden Oracle
44%
May 2, 2012 The Kane Chronicles The Serpent's Shadow
44%
October 3, 2017 Magnus Chase and the Gods of Asgard The Ship of the Dead
44%
May 9, 2011 The Kane Chronicles The Throne of Fire
44%
September 24, 2019 The Trials of Apollo The Tyrant's Tomb
44%
September 24, 2024 Percy Jackson & the Olympians / The Senior Year Adventures Wrath of the Triple Goddess
44%
May 5, 2020 - Camp Jupiter Classified: A Probatio's Journal
33%
February 10, 2009 The Demigod Files Percy Jackson and the Bronze Dragon
33%
2013 - Percy Jackson and the Singer of Apollo
33%
August 14, 2012 The Demigod Diaries Percy Jackson and the Staff of Hermes
33%
August 14, 2012 The Demigod Diaries The Son of Magic
33%
June 18, 2013 Demigods & Magicians The Son of Sobek
33%
May 2, 2017 - From Percy Jackson: Camp Half-Blood Confidential
22%
August 14, 2012 The Demigod Diaries Leo Valdez and the Quest for Buford
22%
February 10, 2009 The Demigod Files Percy Jackson and the Stolen Chariot
22%
February 10, 2009 The Demigod Files Percy Jackson and the Sword of Hades
22%
March 31, 2015 Demigods & Magicians The Crown of Ptolemy
22%
August 14, 2012 The Demigod Diaries The Diary of Luke Castellan
22%
October 2, 2018 - 9 From the Nine Worlds
11%
May 1, 2018 - Brooklyn House Magician's Manual
11%
August 16, 2016 - Hotel Valhalla: Guide to the Norse Worlds
11%
August 19, 2014 - Percy Jackson's Greek Gods
11%
August 18, 2015 - Percy Jackson's Greek Heroes
11%
April 8, 2014 Demigods & Magicians The Staff of Serapis
11%
No matching quizzes found
Score Distribution
Percent of People with Each Score
Percentile by Number Answered
Your Score History
You have not taken this quiz since the last reset